000 00281nam a2200097Ia 4500
005 20251222114404.0
008 251222s1900||||xx |||||||||||||| ||spa||
082 _aDVD0010/M57/1985
245 0 _aMad Max III: más allá de la cúpula del trueno:Mad Max: Beyond Thunderdome
942 _cDVD
999 _c1746
_d1746